[Event "V Torneio Cidade de Leiria"]
[Site "Leiria POR"]
[Date "2017.07.16"]
[Round "4.1"]
[White "Brodowski, Piotr"]
[Black "Luch, Michal"]
[Result "1/2-1/2"]
[BlackElo "2393"]
[WhiteElo "2442"]
[LiveChessVersion "1.4.8"]

1. e4 {[%clk 1:29:59]} c5 {[%clk 1:30:24]} 2. Nf3 {[%clk 1:29:12]} Nc6
{[%clk 1:29:34]} 3. d4 {[%clk 1:28:19]} cxd4 {[%clk 1:29:57]} 4. Nxd4
{[%clk 1:28:09]} Nf6 {[%clk 1:28:21]} 5. Nc3 {[%clk 1:26:53]} e5 {[%clk 1:27:08]}
6. Ndb5 {[%clk 1:25:49]} d6 {[%clk 1:27:12]} 7. Bg5 {[%clk 1:24:25]} a6
{[%clk 1:26:12]} 8. Na3 {[%clk 1:22:00]} b5 {[%clk 1:26:05]} 9. Nd5
{[%clk 1:20:17]} Be7 {[%clk 1:26:12]} 10. Bxf6 {[%clk 1:19:44]} Bxf6
{[%clk 1:26:33]} 11. c3 {[%clk 1:19:13]} O-O {[%clk 1:25:32]} 12. Nc2
{[%clk 1:18:17]} Rb8 {[%clk 1:24:25]} 13. Be2 {[%clk 1:17:08]} Bg5
{[%clk 1:23:16]} 14. O-O {[%clk 1:17:23]} Be6 {[%clk 1:22:31]} 15. Nce3
{[%clk 1:14:24]} Ne7 {[%clk 1:21:11]} 1/2-1/2

[Event "V Torneio Cidade de Leiria"]
[Site "Leiria POR"]
[Date "2017.07.16"]
[Round "4.2"]
[White "Simões, Miguel"]
[Black "Bray, Daniel"]
[Result "0-1"]
[BlackElo "2165"]
[WhiteElo "1680"]
[LiveChessVersion "1.4.8"]

1. e4 {[%clk 1:30:57]} c5 {[%clk 1:30:13]} 2. Nf3 {[%clk 1:31:13]} d6
{[%clk 1:30:00]} 3. d4 {[%clk 1:31:38]} cxd4 {[%clk 1:30:06]} 4. Nxd4
{[%clk 1:29:53]} Nf6 {[%clk 1:30:11]} 5. Nc3 {[%clk 1:29:22]} a6 {[%clk 1:30:15]}
6. Bc4 {[%clk 1:27:26]} e6 {[%clk 1:28:33]} 7. Bb3 {[%clk 1:23:48]} b5
{[%clk 1:26:35]} 8. f3 {[%clk 1:21:33]} Be7 {[%clk 1:24:09]} 9. a3
{[%clk 1:18:33]} O-O {[%clk 1:22:18]} 10. O-O {[%clk 1:17:35]} Bb7
{[%clk 1:11:19]} 11. Be3 {[%clk 1:14:25]} Re8 {[%clk 1:09:06]} 12. Qd2
{[%clk 1:12:43]} Nbd7 {[%clk 1:07:02]} 13. Rad1 {[%clk 1:10:16]} Nc5
{[%clk 1:06:18]} 14. Rfe1 {[%clk 1:06:55]} Rc8 {[%clk 1:02:09]} 15. Kh1
{[%clk 1:04:48]} Nxb3 {[%clk 1:02:03]} 16. Nxb3 {[%clk 1:04:47]} Nd7
{[%clk 1:01:30]} 17. Bf4 {[%clk 1:03:38]} e5 {[%clk 0:46:55]} 18. Be3
{[%clk 1:02:46]} h6 {[%clk 0:46:15]} 19. Ne2 {[%clk 0:57:28]} Nf6
{[%clk 0:43:29]} 20. Nc3 {[%clk 0:51:54]} Qc7 {[%clk 0:42:21]} 21. Qf2
{[%clk 0:50:45]} Bc6 {[%clk 0:35:52]} 22. Bb6 {[%clk 0:47:51]} Qb8
{[%clk 0:36:16]} 23. Ba5 {[%clk 0:46:07]} Bd7 {[%clk 0:26:02]} 24. Rd2
{[%clk 0:43:20]} Be6 {[%clk 0:24:36]} 25. Bb6 {[%clk 0:39:29]} Rc6 26. Be3
{[%clk 0:38:33]} Rec8 {[%clk 0:21:46]} 27. Na5 {[%clk 0:37:51]} Rxc3
{[%clk 0:20:30]} 28. bxc3 d5 {[%clk 0:20:21]} 29. exd5 {[%clk 0:35:25]} Nxd5
{[%clk 0:20:38]} 30. Rxd5 {[%clk 0:32:15]} Bxd5 {[%clk 0:21:05]} 31. Nb3
{[%clk 0:31:44]} Qc7 {[%clk 0:20:05]} 32. Qg3 {[%clk 0:31:17]} Qxc3
{[%clk 0:17:43]} 33. Bxh6 {[%clk 0:30:35]} Bf6 {[%clk 0:17:39]} 34. Na1
{[%clk 0:29:06]} Rc4 {[%clk 0:16:47]} 35. Rd1 {[%clk 0:26:08]} Kh7
{[%clk 0:14:50]} 36. Bd2 {[%clk 0:25:38]} Qxa3 {[%clk 0:14:01]} 37. Qh3+
{[%clk 0:25:38]} Rh4 {[%clk 0:13:41]} 38. Qf5+ {[%clk 0:25:38]} Kg8
{[%clk 0:12:55]} 39. Qc8+ {[%clk 0:23:07]} Qf8 {[%clk 0:13:18]} 40. Qxa6
{[%clk 0:23:05]} Qc5 {[%clk 0:12:45]} 41. Be1 {[%clk 0:22:21]} Ra4
{[%clk 0:12:39]} 42. Rxd5 {[%clk 0:22:02]} Qxd5 {[%clk 0:12:14]} 43. Qc8+
{[%clk 0:22:22]} Qd8 {[%clk 0:12:38]} 44. Qxd8+ {[%clk 0:22:21]} Bxd8
{[%clk 0:13:03]} 45. Nb3 {[%clk 0:22:48]} Ra2 {[%clk 0:13:06]} 46. c3
{[%clk 0:22:57]} Re2 {[%clk 0:13:06]} 47. Bd2 {[%clk 0:23:02]} Bg5
{[%clk 0:13:24]} 48. Bxg5 {[%clk 0:23:12]} Re1# {[%clk 0:13:46]} 0-1

[Event "V Torneio Cidade de Leiria"]
[Site "Leiria POR"]
[Date "2017.07.16"]
[Round "4.3"]
[White "Barrento, Jorge"]
[Black "Costa, Paulo"]
[Result "0-1"]
[BlackElo "2108"]
[WhiteElo "1658"]
[LiveChessVersion "1.4.8"]

1. Nf3 {[%clk 1:15:35]} c5 {[%clk 1:29:42]} 2. b3 {[%clk 1:15:59]} b6
{[%clk 1:30:05]} 3. e3 {[%clk 1:16:18]} Bb7 {[%clk 1:30:29]} 4. c4
{[%clk 1:15:17]} Nf6 {[%clk 1:30:38]} 5. Bb2 {[%clk 1:14:39]} e6 {[%clk 1:30:53]}
6. Be2 {[%clk 1:14:55]} Be7 {[%clk 1:31:13]} 7. Nc3 {[%clk 1:15:05]} O-O
{[%clk 1:31:21]} 8. O-O {[%clk 1:15:06]} d5 {[%clk 1:30:09]} 9. d4
{[%clk 1:11:31]} Nc6 {[%clk 1:28:39]} 10. Rc1 {[%clk 1:10:47]} dxc4
{[%clk 1:28:24]} 11. Bxc4 {[%clk 1:10:21]} cxd4 {[%clk 1:27:57]} 12. Nxd4
{[%clk 1:09:47]} Nxd4 {[%clk 1:24:15]} 13. Qxd4 {[%clk 1:07:27]} Qxd4
{[%clk 1:24:25]} 14. exd4 {[%clk 1:07:55]} a6 {[%clk 1:24:22]} 15. Rfd1
{[%clk 1:07:03]} b5 {[%clk 1:24:32]} 16. Bf1 {[%clk 1:03:41]} Rfd8
{[%clk 1:22:04]} 17. g3 {[%clk 1:01:16]} Rd7 {[%clk 1:18:17]} 18. Bg2
{[%clk 0:55:06]} Bxg2 {[%clk 1:18:31]} 19. Kxg2 {[%clk 0:55:31]} Rad8
{[%clk 1:18:47]} 20. Ne2 {[%clk 0:54:55]} Nd5 {[%clk 1:15:30]} 21. Rc6
{[%clk 0:52:15]} Ra7 {[%clk 1:15:38]} 22. Rdc1 {[%clk 0:51:46]} Kf8
{[%clk 1:11:00]} 23. Rc8 {[%clk 0:49:56]} Ke8 {[%clk 1:10:49]} 24. Rxd8+
{[%clk 0:50:02]} Kxd8 {[%clk 1:11:13]} 25. a3 {[%clk 0:48:58]} Kd7
{[%clk 1:06:54]} 26. Kf3 {[%clk 0:47:39]} g5 {[%clk 1:04:29]} 27. Nc3
{[%clk 0:41:17]} Nxc3 {[%clk 1:02:58]} 28. Rxc3 {[%clk 0:41:07]} f5
{[%clk 1:03:16]} 29. Ke3 {[%clk 0:39:17]} h5 {[%clk 1:02:11]} 30. h3
{[%clk 0:38:17]} Ra8 {[%clk 1:02:24]} 31. Rd3 {[%clk 0:35:36]} Kd6
{[%clk 1:01:00]} 32. f3 {[%clk 0:34:31]} Kd5 {[%clk 0:58:20]} 33. f4
{[%clk 0:30:40]} Rc8 {[%clk 0:55:13]} 34. Rd2 {[%clk 0:27:29]} h4
{[%clk 0:54:11]} 35. gxh4 {[%clk 0:25:12]} gxf4+ {[%clk 0:52:29]} 36. Kxf4
{[%clk 0:24:34]} Rh8 {[%clk 0:52:33]} 37. Rc2 {[%clk 0:16:01]} Rxh4+
{[%clk 0:52:31]} 38. Kg3 {[%clk 0:16:08]} Rh8 {[%clk 0:52:48]} 39. Kg2
{[%clk 0:15:50]} Bd6 {[%clk 0:53:01]} 40. b4 {[%clk 0:14:39]} Rg8+
{[%clk 0:52:26]} 41. Kf2 {[%clk 0:10:25]} Rg3 {[%clk 0:48:16]} 42. Rc3
{[%clk 0:10:43]} Rxc3 {[%clk 0:42:40]} 43. Bxc3 {[%clk 0:11:06]} Ke4
{[%clk 0:42:44]} 44. Ke2 {[%clk 0:10:11]} Bg3 {[%clk 0:42:23]} 45. Bd2
{[%clk 0:08:51]} Bh4 {[%clk 0:40:31]} 46. Be3 {[%clk 0:07:58]} Bf6
{[%clk 0:40:52]} 47. Kf2 {[%clk 0:07:05]} Bxd4 {[%clk 0:41:02]} 48. Bxd4
{[%clk 0:07:21]} Kxd4 {[%clk 0:41:24]} 0-1

[Event "V Torneio Cidade de Leiria"]
[Site "Leiria POR"]
[Date "2017.07.16"]
[Round "4.4"]
[White "Fernandes, Miguel"]
[Black "Belo, André"]
[Result "1-0"]
[BlackElo "1785"]
[WhiteElo "2024"]
[LiveChessVersion "1.4.8"]

1. Nf3 {[%clk 1:30:55]} d5 {[%clk 1:26:34]} 2. e3 {[%clk 1:30:59]} c5
{[%clk 1:25:45]} 3. c4 {[%clk 1:30:59]} d4 {[%clk 1:23:11]} 4. b4
{[%clk 1:31:17]} Nc6 {[%clk 1:19:35]} 5. b5 {[%clk 1:28:30]} Na5 {[%clk 1:16:41]}
6. d3 {[%clk 1:24:52]} g6 {[%clk 1:13:46]} 7. Bb2 {[%clk 1:23:26]} Bg7
{[%clk 1:14:14]} 8. g3 {[%clk 1:20:59]} Nh6 {[%clk 1:08:30]} 9. exd4
{[%clk 1:20:30]} Bg4 {[%clk 1:04:33]} 10. Bg2 {[%clk 1:09:10]} O-O
{[%clk 1:00:07]} 11. Qd2 {[%clk 1:05:20]} cxd4 {[%clk 0:55:11]} 12. O-O
{[%clk 1:03:52]} e5 {[%clk 0:54:10]} 13. Ng5 {[%clk 0:56:23]} Rb8
{[%clk 0:51:21]} 14. Ba3 {[%clk 0:52:03]} Re8 {[%clk 0:50:53]} 15. Ne4
{[%clk 0:51:55]} Bc8 {[%clk 0:45:30]} 16. Bd6 {[%clk 0:50:14]} Ra8
{[%clk 0:45:58]} 17. Bb4 {[%clk 0:50:27]} b6 {[%clk 0:42:54]} 18. Nd6
{[%clk 0:50:33]} e4 {[%clk 0:39:40]} 19. Bxe4 {[%clk 0:42:44]} Rxe4
{[%clk 0:39:37]} 20. Nxe4 {[%clk 0:43:00]} Nb7 {[%clk 0:38:40]} 21. Na3
{[%clk 0:40:52]} f5 {[%clk 0:34:03]} 22. Ng5 {[%clk 0:39:25]} Ng4
{[%clk 0:34:07]} 23. Qe2 {[%clk 0:36:08]} Nc5 {[%clk 0:33:26]} 24. Bxc5
{[%clk 0:33:05]} bxc5 {[%clk 0:33:40]} 25. Ne6 {[%clk 0:32:28]} Qe7
{[%clk 0:32:49]} 26. Nf4 {[%clk 0:31:55]} Qd7 {[%clk 0:31:47]} 27. Rfe1
{[%clk 0:27:45]} Ne5 {[%clk 0:31:40]} 28. Nd5 {[%clk 0:27:10]} Bb7
{[%clk 0:31:55]} 29. f4 {[%clk 0:26:44]} Bxd5 {[%clk 0:27:07]} 30. cxd5
{[%clk 0:26:09]} Qxd5 {[%clk 0:25:44]} 31. fxe5 {[%clk 0:25:49]} Bh6
{[%clk 0:26:14]} 32. Nc4 {[%clk 0:25:26]} Re8 {[%clk 0:24:50]} 33. Qg2
{[%clk 0:24:44]} 1-0

[Event "V Torneio Cidade de Leiria"]
[Site "Leiria POR"]
[Date "2017.07.16"]
[Round "4.5"]
[White "Bray, José"]
[Black "Fernandes, João Pedro"]
[Result "0-1"]
[BlackElo "1953"]
[WhiteElo "1785"]
[LiveChessVersion "1.4.8"]

1. e4 {[%clk 1:30:47]} c5 {[%clk 1:30:38]} 2. Nf3 {[%clk 1:31:08]} d6
{[%clk 1:30:54]} 3. Bb5+ {[%clk 1:31:24]} Nd7 {[%clk 1:30:34]} 4. O-O
{[%clk 1:27:44]} Ngf6 {[%clk 1:28:21]} 5. e5 {[%clk 1:25:29]} dxe5
{[%clk 1:24:00]} 6. Nxe5 {[%clk 1:25:39]} a6 {[%clk 1:21:31]} 7. Nxd7 Bxd7
{[%clk 1:20:38]} 8. Bxd7+ {[%clk 1:23:31]} Qxd7 {[%clk 1:20:50]} 9. d3
{[%clk 1:23:37]} e6 {[%clk 1:19:49]} 10. Nc3 {[%clk 1:22:22]} Be7
{[%clk 1:19:33]} 11. Be3 O-O {[%clk 1:17:30]} 12. Qf3 {[%clk 1:20:25]} Nd5
{[%clk 1:04:24]} 13. Ne4 {[%clk 1:14:49]} Rac8 {[%clk 1:00:26]} 14. c3
{[%clk 1:12:43]} f5 {[%clk 0:55:58]} 15. Ng5 {[%clk 0:56:09]} f4 {[%clk 0:55:15]}
16. Nxh7 {[%clk 0:53:24]} Kxh7 {[%clk 0:55:21]} 17. Qh5+ {[%clk 0:53:41]} Kg8
{[%clk 0:55:37]} 18. Bd2 {[%clk 0:53:36]} Rf5 {[%clk 0:55:01]} 19. Qf3
{[%clk 0:53:31]} Qc6 {[%clk 0:52:27]} 20. Rfe1 {[%clk 0:52:35]} Nf6
{[%clk 0:51:56]} 21. Qe2 {[%clk 0:51:40]} Kf7 {[%clk 0:51:17]} 22. f3
{[%clk 0:50:51]} Rd8 {[%clk 0:50:46]} 23. Rad1 {[%clk 0:50:15]} Rh8
{[%clk 0:48:22]} 0-1

[Event "V Torneio Cidade de Leiria"]
[Site "Leiria POR"]
[Date "2017.07.16"]
[Round "4.7"]
[White "Carreira, Marcelo"]
[Black "Silva, Daniel"]
[Result "0-1"]
[BlackElo "1867"]
[WhiteElo "1643"]
[LiveChessVersion "1.4.8"]

1. e4 {[%clk 1:15:07]} c5 {[%clk 1:24:54]} 2. Nf3 {[%clk 1:15:31]} Nc6
{[%clk 1:24:18]} 3. d4 {[%clk 1:15:54]} cxd4 {[%clk 1:24:41]} 4. Nxd4
{[%clk 1:16:18]} e6 {[%clk 1:23:56]} 5. Nc3 {[%clk 1:11:53]} a6 {[%clk 1:23:54]}
6. Be2 {[%clk 1:05:51]} Nf6 {[%clk 1:07:43]} 7. Bg5 {[%clk 1:04:57]} Bb4
{[%clk 1:07:42]} 8. Nxc6 {[%clk 1:04:34]} bxc6 {[%clk 1:07:31]} 9. e5
{[%clk 1:04:43]} Qa5 {[%clk 1:07:16]} 10. Qd4 {[%clk 0:59:12]} Bxc3+
{[%clk 0:58:40]} 11. bxc3 {[%clk 0:58:33]} Ne4 {[%clk 0:58:14]} 12. Bd2
{[%clk 0:54:09]} Nxd2 {[%clk 0:58:18]} 13. Kxd2 {[%clk 0:54:29]} Qd5
{[%clk 0:56:58]} 14. Bf3 {[%clk 0:50:35]} Qxd4+ {[%clk 0:57:14]} 15. cxd4
{[%clk 0:50:57]} a5 {[%clk 0:57:32]} 16. g4 {[%clk 0:48:45]} Ba6 {[%clk 0:57:42]}
17. Rab1 {[%clk 0:48:32]} Kd8 {[%clk 0:57:49]} 18. Rb6 {[%clk 0:46:03]} Kc7
{[%clk 0:57:44]} 19. Rhb1 {[%clk 0:46:13]} Ra7 {[%clk 0:57:56]} 20. Be2
{[%clk 0:46:07]} Bb5 {[%clk 0:57:39]} 21. R6xb5 {[%clk 0:41:45]} cxb5
{[%clk 0:57:56]} 22. Rxb5 {[%clk 0:39:27]} Rb8 {[%clk 0:58:05]} 23. a4
{[%clk 0:38:44]} Rxb5 {[%clk 0:58:05]} 24. axb5 {[%clk 0:38:32]} d6
{[%clk 0:58:01]} 25. exd6+ {[%clk 0:37:42]} Kxd6 {[%clk 0:58:19]} 26. c4
{[%clk 0:37:47]} Ra8 {[%clk 0:52:56]} 27. c5+ {[%clk 0:37:52]} Kd7
{[%clk 0:52:39]} 28. Kc3 {[%clk 0:37:00]} a4 {[%clk 0:52:35]} 29. b6
{[%clk 0:33:25]} Ra5 {[%clk 0:51:06]} 30. Kb2 {[%clk 0:30:08]} a3+
{[%clk 0:51:12]} 31. Ka2 {[%clk 0:29:36]} e5 {[%clk 0:50:46]} 32. b7
{[%clk 0:25:56]} Kc7 {[%clk 0:47:38]} 33. c6 {[%clk 0:26:23]} exd4
{[%clk 0:47:34]} 34. Bd3 {[%clk 0:25:49]} Rc5 {[%clk 0:47:01]} 35. Be4
{[%clk 0:22:29]} Rc3 {[%clk 0:47:13]} 36. Kb1 {[%clk 0:19:56]} d3 0-1

[Event "V Torneio Cidade de Leiria"]
[Site "Leiria POR"]
[Date "2017.07.16"]
[Round "4.8"]
[White "Arjona Casado, Abel"]
[Black "Fonseca, Eurico"]
[Result "1-0"]
[BlackElo "1537"]
[WhiteElo "1828"]
[LiveChessVersion "1.4.8"]

1. e4 {[%clk 1:25:11]} c5 {[%clk 1:30:48]} 2. Nf3 {[%clk 1:25:35]} d6
{[%clk 1:31:14]} 3. d4 {[%clk 1:26:01]} cxd4 {[%clk 1:31:36]} 4. Nxd4
{[%clk 1:26:25]} Nf6 {[%clk 1:32:02]} 5. Nc3 {[%clk 1:26:51]} a6 {[%clk 1:32:22]}
6. Be3 {[%clk 1:26:56]} Nc6 {[%clk 1:25:56]} 7. f3 {[%clk 1:23:22]} Nxd4
{[%clk 1:17:07]} 8. Qxd4 {[%clk 1:20:16]} e5 {[%clk 1:16:16]} 9. Qd2
{[%clk 1:20:17]} b5 {[%clk 1:14:17]} 10. g4 {[%clk 1:09:54]} Be6 {[%clk 1:08:20]}
11. g5 {[%clk 1:08:42]} Nd7 {[%clk 1:07:31]} 12. O-O-O {[%clk 1:08:01]} Qa5
{[%clk 1:06:08]} 13. Kb1 {[%clk 1:03:15]} Nb6 {[%clk 0:45:25]} 14. Bxb6 Qxb6
{[%clk 0:45:45]} 15. h4 {[%clk 0:55:10]} Be7 {[%clk 0:38:45]} 16. h5
{[%clk 0:47:37]} Rc8 {[%clk 0:28:34]} 17. Bh3 {[%clk 0:41:57]} Rc5
{[%clk 0:26:39]} 18. g6 {[%clk 0:35:27]} hxg6 {[%clk 0:11:17]} 19. Bxe6
{[%clk 0:35:02]} fxe6 {[%clk 0:11:35]} 20. hxg6 {[%clk 0:35:03]} Rxh1
{[%clk 0:10:21]} 21. Rxh1 {[%clk 0:35:26]} Kd7 {[%clk 0:08:56]} 22. Nd1
{[%clk 0:32:48]} a5 {[%clk 0:07:51]} 23. Rh7 {[%clk 0:32:26]} Bf6
{[%clk 0:07:21]} 24. Nf2 {[%clk 0:31:30]} b4 {[%clk 0:04:34]} 25. Ng4
{[%clk 0:31:35]} Ke7 {[%clk 0:02:44]} 26. Qh6 {[%clk 0:18:02]} Rc7
{[%clk 0:01:06]} 27. Rxg7+ {[%clk 0:10:23]} Bxg7 {[%clk 0:01:23]} 28. Qxg7+
{[%clk 0:10:51]} Kd8 {[%clk 0:01:30]} 29. Qh8+ {[%clk 0:09:07]} Kd7
{[%clk 0:01:34]} 30. Qh1 {[%clk 0:08:27]} Kc6 {[%clk 0:00:45]} 31. f4
{[%clk 0:07:43]} exf4 {[%clk 0:00:38]} 32. e5+ {[%clk 0:07:23]} d5
{[%clk 0:00:56]} 33. b3 {[%clk 0:06:05]} Rg7 {[%clk 0:00:42]} 34. Qh6
{[%clk 0:05:14]} Qa7 {[%clk 0:00:56]} 35. Kb2 {[%clk 0:04:45]} f3
{[%clk 0:00:46]} 36. Qh8 {[%clk 0:03:16]} Rxg6 {[%clk 0:00:35]} 37. Qe8+
{[%clk 0:03:34]} Qd7 {[%clk 0:00:46]} 38. Qxg6 {[%clk 0:03:55]} Kb5
{[%clk 0:00:31]} 39. Qd3+ {[%clk 0:04:14]} Kc5 {[%clk 0:00:44]} 40. Qxf3
{[%clk 0:04:35]} Qg7 {[%clk 0:00:33]} 41. Qe3+ {[%clk 0:03:42]} d4
{[%clk 0:00:34]} 42. Qe2 {[%clk 0:04:03]} Kd5 {[%clk 0:00:32]} 43. Nf6+
{[%clk 0:04:02]} Kc6 {[%clk 0:00:50]} 44. Qa6+ {[%clk 0:04:04]} Kc5 45. Qd6+ Kb5
46. Qd7+ 1-0

[Event "V Torneio Cidade de Leiria"]
[Site "Leiria POR"]
[Date "2017.07.16"]
[Round "4.9"]
[White "Vinagre, Raquel"]
[Black "Oliveira, Ricardo"]
[Result "0-1"]
[BlackElo "1581"]
[WhiteElo "1269"]
[LiveChessVersion "1.4.8"]

1. d4 {[%clk 1:30:59]} d5 {[%clk 1:30:10]} 2. c4 {[%clk 1:31:23]} e5
{[%clk 1:29:57]} 3. dxe5 {[%clk 1:30:48]} d4 {[%clk 1:30:21]} 4. Qd3
{[%clk 1:30:39]} Nc6 {[%clk 1:30:00]} 5. Bf4 {[%clk 1:30:03]} Bb4+
{[%clk 1:27:59]} 6. Nd2 {[%clk 1:30:15]} Nge7 {[%clk 1:27:19]} 7. O-O-O
{[%clk 1:29:28]} Bf5 {[%clk 1:22:42]} 8. Ne4 {[%clk 1:27:46]} Ng6
{[%clk 1:10:43]} 9. Bg3 {[%clk 1:27:10]} Be7 {[%clk 1:05:46]} 10. Qf3
{[%clk 1:26:22]} Be6 {[%clk 1:01:17]} 11. Nc3 {[%clk 1:21:37]} Bxc4
{[%clk 0:58:35]} 12. b3 {[%clk 1:20:29]} Be6 {[%clk 0:54:27]} 13. Kb2
{[%clk 1:19:21]} dxc3+ {[%clk 0:54:08]} 14. Kc2 {[%clk 1:19:28]} Nd4+
{[%clk 0:49:52]} 15. Rxd4 {[%clk 1:19:25]} Qxd4 {[%clk 0:50:05]} 0-1

[Event "V Torneio Cidade de Leiria"]
[Site "Leiria POR"]
[Date "2017.07.16"]
[Round "4.11"]
[White "Oliveira, Tomás"]
[Black "Navarro Martinez, Victor"]
[Result "1-0"]
[BlackElo "1279"]
[WhiteElo "1580"]
[LiveChessVersion "1.4.8"]

1. c4 {[%clk 1:22:19]} e5 {[%clk 1:30:03]} 2. g3 {[%clk 1:22:20]} Nf6
{[%clk 1:29:37]} 3. Bg2 {[%clk 1:22:46]} Nc6 {[%clk 1:28:16]} 4. Nc3
{[%clk 1:23:02]} Bb4 {[%clk 1:26:39]} 5. a3 {[%clk 1:22:46]} Bxc3
{[%clk 1:26:15]} 6. bxc3 {[%clk 1:22:55]} O-O {[%clk 1:25:26]} 7. d4
{[%clk 1:23:09]} exd4 {[%clk 1:23:15]} 8. cxd4 {[%clk 1:23:16]} d6
{[%clk 1:21:22]} 9. Nf3 {[%clk 1:23:14]} Bf5 {[%clk 1:19:38]} 10. O-O
{[%clk 1:23:08]} Qd7 {[%clk 1:18:38]} 11. Nh4 {[%clk 1:21:18]} Bh3
{[%clk 1:15:19]} 12. Bg5 {[%clk 1:19:53]} Bxg2 {[%clk 1:14:28]} 13. Nxg2
{[%clk 1:19:57]} Qf5 {[%clk 1:13:10]} 14. Bxf6 {[%clk 1:20:01]} Qxf6
{[%clk 1:13:25]} 15. e3 {[%clk 1:20:16]} Ne7 {[%clk 1:12:02]} 16. Nf4
{[%clk 1:20:06]} c6 {[%clk 1:10:06]} 17. Rb1 {[%clk 1:18:50]} b6 {[%clk 1:08:50]}
18. Qd2 {[%clk 1:18:45]} Ng6 {[%clk 1:08:20]} 19. Nxg6 {[%clk 1:18:28]} Qxg6
{[%clk 1:08:02]} 20. Rfc1 {[%clk 1:18:42]} Rfd8 {[%clk 1:06:49]} 21. Qc2
{[%clk 1:18:16]} Qxc2 {[%clk 1:05:59]} 22. Rxc2 {[%clk 1:18:35]} f5
{[%clk 1:05:26]} 23. c5 {[%clk 1:18:33]} dxc5 {[%clk 1:04:45]} 24. dxc5
{[%clk 1:18:24]} b5 {[%clk 1:04:58]} 25. a4 {[%clk 1:18:30]} a6 {[%clk 1:03:36]}
26. Kf1 {[%clk 1:18:43]} Rd5 {[%clk 1:02:23]} 27. Ke2 {[%clk 1:18:46]} Re8
{[%clk 1:01:47]} 28. Rbc1 {[%clk 1:17:15]} b4 {[%clk 0:59:53]} 29. Rb1
{[%clk 1:17:18]} a5 {[%clk 0:59:29]} 30. f3 {[%clk 1:17:09]} g5 {[%clk 0:58:03]}
31. f4 {[%clk 1:15:59]} g4 {[%clk 0:57:58]} 32. Rd1 {[%clk 1:08:02]} Rxd1
{[%clk 0:55:09]} 33. Kxd1 {[%clk 1:08:24]} Rxe3 {[%clk 0:53:52]} 34. Rd2
{[%clk 1:08:45]} Re6 {[%clk 0:52:12]} 35. Rd8+ {[%clk 1:09:00]} Kf7
{[%clk 0:51:58]} 36. Ra8 {[%clk 1:09:25]} Re8 {[%clk 0:51:06]} 37. Rxa5
{[%clk 1:09:39]} Rb8 {[%clk 0:50:02]} 38. Ra6 {[%clk 1:09:59]} Rc8
{[%clk 0:49:01]} 39. Rb6 {[%clk 1:10:19]} b3 {[%clk 0:44:20]} 40. Rxb3
{[%clk 1:09:45]} Ra8 {[%clk 0:44:25]} 41. Rb4 {[%clk 1:08:40]} Ra5
{[%clk 0:42:58]} 42. Rc4 {[%clk 1:09:08]} Ke6 {[%clk 0:42:43]} 43. Kc2
{[%clk 1:09:12]} Kd5 {[%clk 0:42:28]} 44. Kc3 {[%clk 1:09:28]} Rxc5
{[%clk 0:42:08]} 45. Rxc5+ {[%clk 1:09:53]} Kxc5 {[%clk 0:42:28]} 46. Kb3
{[%clk 1:10:08]} Kb6 {[%clk 0:41:41]} 47. Kc4 {[%clk 1:10:27]} h6
{[%clk 0:40:33]} 48. Kb4 {[%clk 1:10:47]} h5 {[%clk 0:38:45]} 49. Kc4
{[%clk 1:11:13]} Ka5 {[%clk 0:38:46]} 50. Kc5 {[%clk 1:11:34]} Kxa4
{[%clk 0:38:52]} 51. Kxc6 {[%clk 1:11:59]} Kb3 {[%clk 0:39:07]} 52. Kd5
{[%clk 1:12:27]} Kc3 {[%clk 0:38:47]} 53. Ke5 {[%clk 1:12:51]} Kd3
{[%clk 0:38:43]} 54. Kxf5 {[%clk 1:13:13]} Kd4 {[%clk 0:38:37]} 55. Kg5
{[%clk 1:13:37]} Ke4 {[%clk 0:38:06]} 56. Kxh5 {[%clk 1:14:23]} Kf5
{[%clk 0:38:19]} 57. Kh4 {[%clk 1:14:35]} 1-0

[Event "V Torneio Cidade de Leiria"]
[Site "Leiria POR"]
[Date "2017.07.16"]
[Round "4.12"]
[White "Peixoto, João"]
[Black "Cordeiro, João Pedro"]
[Result "1/2-1/2"]
[BlackElo "1145"]
[WhiteElo "1453"]
[LiveChessVersion "1.4.8"]

1. Nf3 {[%clk 1:29:59]} Nf6 {[%clk 1:30:46]} 2. c4 {[%clk 1:30:23]} g6
{[%clk 1:30:30]} 3. g3 {[%clk 1:30:15]} Bg7 {[%clk 1:30:43]} 4. Bg2
{[%clk 1:30:35]} O-O {[%clk 1:31:01]} 5. O-O {[%clk 1:30:52]} c5 {[%clk 1:31:21]}
6. Nc3 {[%clk 1:31:02]} d6 {[%clk 1:31:38]} 7. d3 {[%clk 1:31:24]} e6
{[%clk 1:31:02]} 8. Bd2 {[%clk 1:31:04]} Nc6 {[%clk 1:31:05]} 9. Rb1
{[%clk 1:31:05]} Ne7 {[%clk 1:31:14]} 10. a3 {[%clk 1:29:35]} Rb8
{[%clk 1:31:27]} 11. b4 {[%clk 1:28:51]} cxb4 {[%clk 1:30:50]} 12. axb4
{[%clk 1:29:03]} d5 {[%clk 1:30:41]} 13. c5 {[%clk 1:28:39]} Bd7 {[%clk 1:30:56]}
14. Ne5 {[%clk 1:28:43]} b5 {[%clk 1:30:52]} 15. Nxd7 {[%clk 1:26:15]} Nxd7
{[%clk 1:30:49]} 16. Qc2 {[%clk 1:26:11]} a6 {[%clk 1:31:04]} 17. Ra1
{[%clk 1:24:36]} Ra8 {[%clk 1:31:26]} 18. Ra3 {[%clk 1:24:35]} Nc6
{[%clk 1:27:51]} 19. Qb2 {[%clk 1:20:27]} Ra7 {[%clk 1:26:16]} 20. Rfa1
{[%clk 1:20:39]} Qa8 {[%clk 1:26:24]} 21. e3 {[%clk 1:19:14]} Qb7
{[%clk 1:24:36]} 22. d4 {[%clk 1:19:15]} Rfa8 {[%clk 1:23:33]} 23. Ne2
{[%clk 1:18:33]} Nf6 {[%clk 1:23:24]} 24. Nc1 {[%clk 1:18:01]} Ne8
{[%clk 1:22:38]} 25. Nb3 {[%clk 1:18:14]} Nc7 {[%clk 1:22:54]} 26. Rc1
{[%clk 1:18:15]} Bh6 {[%clk 1:21:33]} 27. Na5 {[%clk 1:16:29]} Nxa5
{[%clk 1:21:39]} 28. Rxa5 {[%clk 1:16:42]} Rc8 {[%clk 1:21:31]} 29. c6
{[%clk 1:16:14]} Qb6 {[%clk 1:21:42]} 30. Qc3 {[%clk 1:15:52]} Ne8
{[%clk 1:21:19]} 31. Qc5 {[%clk 1:15:31]} Qxc5 {[%clk 1:21:12]} 32. Rxc5
{[%clk 1:15:47]} Nd6 {[%clk 1:19:46]} 33. Be1 {[%clk 1:10:04]} Nc4
{[%clk 1:19:39]} 34. Ra2 {[%clk 1:10:11]} Bf8 {[%clk 1:19:13]} 35. Rxb5
{[%clk 1:09:55]} axb5 {[%clk 1:17:42]} 36. Rxa7 {[%clk 1:10:09]} Rxc6
{[%clk 1:17:58]} 37. Rb7 {[%clk 1:09:43]} Nd6 {[%clk 1:18:06]} 38. Rb8
{[%clk 1:09:46]} Rc8 {[%clk 1:17:30]} 39. Rxc8 {[%clk 1:09:41]} Nxc8
{[%clk 1:17:51]} 40. e4 {[%clk 1:10:08]} Nb6 {[%clk 1:17:52]} 41. Kf1
{[%clk 1:09:51]} Bg7 {[%clk 1:18:04]} 42. e5 {[%clk 1:10:11]} Na4
{[%clk 1:16:21]} 43. Ke2 {[%clk 1:06:55]} Nb2 {[%clk 1:16:02]} 44. Kd2
{[%clk 1:04:45]} Nc4+ {[%clk 1:16:07]} 45. Kc3 {[%clk 0:58:40]} Bf8
{[%clk 1:15:29]} 46. Bf1 {[%clk 0:57:36]} Bg7 {[%clk 1:15:33]} 47. f4
{[%clk 0:57:41]} f5 {[%clk 1:15:35]} 48. h3 {[%clk 0:57:33]} h6 {[%clk 1:15:48]}
49. Bd2 {[%clk 0:57:38]} h5 {[%clk 1:15:54]} 50. Be2 {[%clk 0:57:45]} Kf8
{[%clk 1:16:11]} 51. g4 {[%clk 0:57:08]} hxg4 {[%clk 1:16:00]} 52. hxg4
{[%clk 0:57:35]} Ke7 {[%clk 1:15:44]} 53. Be1 {[%clk 0:57:53]} Bh6
{[%clk 1:15:43]} 54. g5 {[%clk 0:55:52]} Bg7 {[%clk 1:15:52]} 55. Bxc4
{[%clk 0:55:30]} dxc4 {[%clk 1:16:12]} 56. Bf2 {[%clk 0:55:22]} Kd7
{[%clk 1:15:56]} 57. Be3 1/2-1/2